• 首页
  • 本馆介绍
  • 公告通知
  • 最新文献
  • 馆藏检索
  • 电子资源
  • 读者导购
  • 参考咨询
  • 我的图书馆
  • 登录
  • 详细信息显示
  • 放入我的书架
  • 预约/预借图书
  • 作者相关作品
  • 分类相关作品
  • 丛书相关作品
  • 出版社相关作品

书目信息

  • 表格格式
  • 工作单格式
  • 卡片格式
题名:
英语惯用法简明词典
    
 
作者: 伯特 编 ;刘子良 译
分册:  
出版信息: 北京   北京出版社  1988.4
页数: 204页
开本: 19厘米
丛书名:
单 册:
中图分类: H313.3-61
科图分类:
主题词: 英语--词典
电子资源:
ISBN: 7-200-00440-5
000 00809nam0 2200265 45
001 0188003976
005 20040506091303.9
010    @a7-200-00440-5@dCNY1.65
020    @aCN@b88003976
100    @a19910411d1988 m y0chiy0120 ea
101 1  @achi@ceng
102    @aCN@b110000
105    @ay e 000yy
106    @ar
200 10 @a英语惯用法简明词典@Aying yu guan yong fa jian ming ci dian@f(英)伯 特编@F( ying ) bo te bian@g刘子良等译
210    @a北京@c北京出版社@d1988.4
215    @a204页@d19厘米
300    @a著者原题:麦各特·伯特
540 1  @a英语 惯用法 词典@Aying yu guan yong fa ci dian
606    @a英语@x词典
690    @aH313.3-61@v1980
701  0 @a伯特@Abo te@4编
702  0 @a刘子良@Aliu zi liang@4译
801  0 @aCN@bNLC@c19910411
905    @f2@b211591-592@dH313.3-61@e127
    
    英语惯用法简明词典/(英)伯 特编/刘子良等译.-北京:北京出版社,1988.4
    204页;19厘米
    著者原题:麦各特·伯特
    
    ISBN 7-200-00440-5:CNY1.65
    
●
相关链接 在E读中查询图书 在五车中查询图书 在当当中查询图书 在豆瓣中查询图书


正题名:英语惯用法简明词典     索取号:H313.3-61/127         预约/预借

序号 登录号 条形码 馆藏地/架位号 状态 备注
1 0211591   001383844   第四借阅区/ [索取号:H313.3-61/127] 在馆    
2 0211592   001383256   第四借阅区/ [索取号:H313.3-61/127] 在馆    
3 0211593   202443356   第二样本阅览室/ [索取号:H313.3-61/127] 在馆    
唐山师范学院图书馆 欢迎您!
大连网信软件有限公司© 版权所有